Hinduism and scientific quest / (Record no. 134095)

MARC details
000 -LEADER
fixed length control field 00709nam a22002297a 4500
005 - DATE AND TIME OF LATEST TRANSACTION
control field 20170124110221.0
010 ## - LIBRARY OF CONGRESS CONTROL NUMBER
LC control number A-935224
020 ## - INTERNATIONAL STANDARD BOOK NUMBER
Terms of availability 00.00
International Standard Book Number 8124600775
035 ## - SYSTEM CONTROL NUMBER
System control number A-935224
037 ## - SOURCE OF ACQUISITION
Source of stock number/acquisition Cen Lib/Ret
040 ## - CATALOGING SOURCE
Original cataloging agency DPL
Language of cataloging EN
082 ## - DEWEY DECIMAL CLASSIFICATION NUMBER
Classification number 215
Item number IYE
100 ## - MAIN ENTRY--PERSONAL NAME
Personal name Iyengar, T. R. R.
9 (RLIN) 39773
245 ## - TITLE STATEMENT
Title Hinduism and scientific quest /
Statement of responsibility, etc by T. R. R. Iyengar
260 ## - PUBLICATION, DISTRIBUTION, ETC. (IMPRINT)
Place of publication, distribution, etc New Delhi
Name of publisher, distributor, etc D.K. Printworld
Date of publication, distribution, etc 1997
270 ## - ADDRESS
City New Delhi
Address "Sri Kunj", F-52, Bali Nagar
Postal code 110015
300 ## - PHYSICAL DESCRIPTION
Extent vii,284p.
Dimensions 22cm(Hb)
500 ## - GENERAL NOTE
General note Includes bibliographical references and index<br/>
650 ## - SUBJECT ADDED ENTRY--TOPICAL TERM
Topical term or geographic name as entry element Hinduism and science
9 (RLIN) 12410
650 ## - SUBJECT ADDED ENTRY--TOPICAL TERM
Topical term or geographic name as entry element Science -- India
9 (RLIN) 31381
942 ## - ADDED ENTRY ELEMENTS (KOHA)
Source of classification or shelving scheme Dewey Decimal Classification
Koha item type English Books
Classification part 215
Call number suffix IYE
Holdings
Withdrawn status Lost status Damaged status Not for loan Home library Current library Date acquired Source of acquisition Cost, normal purchase price Total Checkouts Total Renewals Full call number Barcode Checked out Date last seen Date checked out Copy number Cost, replacement price Price effective from Koha item type
        Central Library Central Library 28/07/2015 Cen Lib/Ret 0.00 1 1 215 IYE A-935224 05/01/2026 10/12/2025 10/12/2025 1 0.00 28/07/2015 English Books

© Delhi Public Library
Hit Counter
free hit counter